Women's rights in Afghanistan - Statistics

General Stats
  • This quiz has been taken 26 times
  • The average score is 6 of 10
Answer Stats
Question Answer % Correct
Use contraception No
96%
Marry at 15 Yes
96%
Travel abroad Only with a male relative
87%
Have a window in a kitchen No
83%
Go to school Some primary schooling
70%
Study in a university No
65%
Have their hands visible outside of home In some provinces
52%
Use smartphones In some provinces
39%
Go to a park No
30%
Go to a cemetery No
4%
No matching quizzes found
Score Distribution
Percent of People with Each Score
Percentile by Number Answered
Your Score History
You have not taken this quiz